000 00935nam a2200253 i 4500
001 182610
003 ES-MaACL
005 20231026144022.0
008 131002s2000 sp | |||| ||spa d
020 _a84-87317-87-1
080 _a75.057(460)(083.824)
080 _a095(460)"14/18"(083.824)
245 0 3 _aEl documento pintado
_b: cinco siglos de arte en manuscritos.
260 _a[Madrid] :
_bMuseo Nacional del Prado :
_bAFEDA,
_c[2000]
300 _a340 p. :
_bil. ;
_c30 cm.
650 4 _aIluminación de manuscritos-
_zEspaña.
_9145370
650 0 4 _aEncuadernación-
_zEspaña-
_vExposiciones.
_912243
655 7 _2tgfbne
_9193628
_aCatálogos de exposiciones
710 2 _aMuseo Nacional del Prado.
_9160001
710 2 1 _aAsociación para el Fomento de la Encuadernación de Arte.
_91773
852 _aES-MaACL
_jA-12855
_9189526
_bR.149008
_cDEPO1
_dOlim: N-5855
942 _2udc
_cMONOGRAFIA
999 _c182610
_d182610